Practising Social Work Law (Record no. 1851181)

MARC details
000 -LEADER
fixed length control field 00543nam a22002057a 4500
005 - DATE AND TIME OF LATEST TRANSACTION
control field 20260511133340.0
008 - FIXED-LENGTH DATA ELEMENTS--GENERAL INFORMATION
fixed length control field 260511b |||||||| |||| 00| 0 eng d
037 ## - SOURCE OF ACQUISITION
Terms of availability DSWL
040 ## - CATALOGING SOURCE
Original cataloging agency DSWL
Transcribing agency DSWL
041 ## - LANGUAGE CODE
Language code of original eng
100 ## - MAIN ENTRY--PERSONAL NAME
Personal name Braye, Suzy
9 (RLIN) 1238982
245 ## - TITLE STATEMENT
Title Practising Social Work Law
250 ## - EDITION STATEMENT
Edition statement 4th
260 ## - PUBLICATION, DISTRIBUTION, ETC.
Place of publication, distribution, etc. London,
Name of publisher, distributor, etc. Red Globe Press,
Date of publication, distribution, etc. 2016
300 ## - PHYSICAL DESCRIPTION
Extent 352p
365 ## - TRADE PRICE
Price type code GBP
Price amount 30.99
700 ## - ADDED ENTRY--PERSONAL NAME
Personal name Michael Preston-Shoot
9 (RLIN) 1238983
942 ## - ADDED ENTRY ELEMENTS (KOHA)
Source of classification or shelving scheme Colon Classification (CC)
Koha item type Textual
Suppress in OPAC No
Holdings
Withdrawn status Lost status Source of classification or shelving scheme Damaged status Not for loan Home library Current library Date acquired Source of acquisition Total Checkouts Barcode Date last seen Price effective from Koha item type
    Colon Classification (CC)     Department of Social Work Library Department of Social Work Library 2026-05-11 Better Book Service   SW0032452 2026-05-11 2026-05-11 Textual
Copyright @ Delhi University Library System